| 000 | 00471nam a2200169 i 4500 | ||
|---|---|---|---|
| 001 | 101007 | ||
| 003 | ES-MaACL | ||
| 005 | 20250826063139.0 | ||
| 007 | t| | ||
| 008 | 051010s1910 fr ||||1| fre d | ||
| 100 | 1 |
_aMaurain, Charles _979226 |
|
| 245 | 1 | 4 |
_aLes états physiques de la matière / _cpar Ch. Maurain. |
| 260 |
_aParis : _bFélix Alcan, _c1910. |
||
| 300 |
_a328 p. : _bil. ; _c19 cm. |
||
| 852 |
_aES-MaACL _jD-2371 |
||
| 999 |
_c101007 _d101007 |
||